|
|
|
|
| LEADER |
00000nam0a2200000 4500 |
| 001 |
69653 |
| 005 |
20231101212449.0 |
| 035 |
|
|
|a (RuTPU)RU\TPU\book\74155
|
| 090 |
|
|
|a 69653
|
| 100 |
|
|
|a 20041028d1971 m y0rusy50 ca
|
| 101 |
0 |
|
|a rus
|
| 102 |
|
|
|a RU
|
| 105 |
|
|
|a a j 001zy
|
| 200 |
1 |
|
|a Тепловые режимы электронной аппаратуры
|e учебное пособие
|f Г. Н. Дульнев, Н. Н. Тарновский
|
| 210 |
|
|
|a Ленинград
|c Энергия
|d 1971
|
| 215 |
|
|
|a 248 с.
|c ил.
|
| 320 |
|
|
|a Библиогр.: с. 244-245
|
| 606 |
1 |
|
|a Радиоэлектронная аппаратура
|x Тепловой режим
|x Расчет
|2 stltpush
|3 (RuTPU)RU\TPU\subj\23509
|9 48095
|
| 610 |
1 |
|
|a радиоэлектронная аппаратура
|
| 610 |
1 |
|
|a тепловые режимы
|
| 610 |
1 |
|
|a охлаждение
|
| 610 |
1 |
|
|a стационарный режим
|
| 610 |
1 |
|
|a нестационарный режим
|
| 610 |
1 |
|
|a аппараты кассетной конструкции
|
| 610 |
1 |
|
|a проводимость
|
| 610 |
1 |
|
|a приложения
|
| 610 |
1 |
|
|a учебные пособия
|
| 675 |
|
|
|a 621.396.6:53(075.8)
|v 3
|
| 700 |
|
1 |
|a Дульнев
|b Г. Н.
|g Геннадий Николаевич
|
| 701 |
|
1 |
|a Тарновский
|b Н. Н.
|g Николай Николаевич
|
| 801 |
|
1 |
|a RU
|b 63413507
|c 20041028
|g PSBO
|
| 801 |
|
2 |
|a RU
|b 63413507
|c 20190523
|g PSBO
|
| 942 |
|
|
|c BK
|